Baby Girl Name Blitz Quiz Stats

 Plays Quiz Updated Jun 24, 2019

Score 0/100 Timer 02:00
5 Plays Today
Letter Name % Correct
AAbigail
98.2%
AAlexis
98.2%
AAlice
98.2%
AAmanda
98.2%
AAmber
98.2%
AAmy
98.2%
AAndrea
98.2%
AAngela
98.2%
AAnn
98.2%
AAnna
98.2%
AAshley
98.2%
JJacqueline
90.5%
JJane
90.5%
JJanet
90.5%
JJanice
90.5%
JJean
90.5%
JJennifer
90.5%
JJessica
90.5%
JJoan
90.5%
JJoyce
90.5%
JJudith
90.5%
JJudy
90.5%
JJulia
90.5%
JJulie
90.5%
MMadison
86.4%
MMargaret
86.4%
MMaria
86.4%
MMarie
86.4%
MMarilyn
86.4%
MMartha
86.4%
MMary
86.4%
MMegan
86.4%
MMelissa
86.4%
MMichelle
86.4%
Letter Name % Correct
DDanielle
84.2%
DDeborah
84.2%
DDebra
84.2%
DDenise
84.2%
DDiana
84.2%
DDiane
84.2%
DDonna
84.2%
DDoris
84.2%
DDorothy
84.2%
EElizabeth
82.9%
EEmily
82.9%
EEmma
82.9%
EEvelyn
82.9%
CCarol
82.6%
CCarolyn
82.6%
CCatherine
82.6%
CCheryl
82.6%
CChristina
82.6%
CChristine
82.6%
CCynthia
82.6%
KKaren
82.3%
KKatherine
82.3%
KKathleen
82.3%
KKathryn
82.3%
KKayla
82.3%
KKelly
82.3%
KKimberly
82.3%
SSamantha
81.6%
SSandra
81.6%
SSara
81.6%
SSarah
81.6%
SSharon
81.6%
SShirley
81.6%
SStephanie
81.6%
Letter Name % Correct
SSusan
81.6%
SSophia
81.2%
BBarbara
75.1%
BBetty
75.1%
BBeverly
75.1%
BBrenda
75.1%
BBrittany
75.1%
LLaura
74.6%
LLauren
74.6%
LLinda
74.6%
LLisa
74.6%
LLori
74.6%
HHannah
71.9%
HHeather
71.9%
HHelen
71.9%
RRebecca
68.8%
RRachel
68.8%
RRose
68.8%
RRuth
68.8%
NNancy
64.9%
NNatalie
64.9%
NNicole
64.9%
OOlivia
56.4%
PPamela
47.7%
PPatricia
47.7%
VVirginia
47.5%
VVictoria
47.5%
GGloria
42%
GGrace
42%
FFrances
40.3%
TTeresa
36.4%
TTheresa
36.5%

You're not logged in!

Compare scores with friends on all Sporcle quizzes.
OR
Log In

Sporcle TV

Today on Sporcle TV


Watch our educational content, quiz creation guides, and fun videos on Sporcle TV.

Show Comments

Extras

Top Quizzes Today


Score Distribution

Your Account Isn't Verified!

In order to create a playlist on Sporcle, you need to verify the email address you used during registration. Go to your Sporcle Settings to finish the process.

Report this User

Report this user for behavior that violates our Community Guidelines.

Details: